000 01508nim a2200349 i 4500
001 197304
003 ES-MaACL
005 20250828062620.0
007 ss lsnjlcipnne
008 140525s1991 sp nnnn |||| 00| spa d
040 _bspa
_cES-MaACL
100 0 _961076
_aGutiérrez, Rosalia
_eaut
245 0 0 _aLa historiografía de la mujer
_h[Grabación sonora] /
_cpor Rosalía Gutiérrez
260 _aMadrid :
_bAteneo de Madrid,
_c1991
300 _a2 casetes (ca. 180 min) :
_bson. ;
_c11 cm
490 1 _3Actos culturales en el Ateneo de Madrid
511 _aRosalía Gutiérrez, socióloga kolla.
518 _aGrabado el 25 de marzo de 1991 en el Salón de Actos del Ateneo de Madrid.
520 _aConferencias sobre la historiografía de la mujer, hablando de la discriminación que sufren las mujeres kolla siendo triple: por india, mujer y trabajadora.
540 _aDocumento inédito
594 _5Datos basados en los casetes.
610 2 0 _aAteneo de Madrid-
_xActos culturales-
_y1991-
_vGrabaciones sonoras
_9240452
650 7 _aMujeres
_2embne
_915251
653 _aArchivo de la palabra
710 _aAteneo de Madrid.
_9240081
_bAgrupación Ateneísta de Estudios sobre la Mujer "Clara Campoamor"
830 0 _aActos culturales en el Ateneo de Madrid
_9240237
852 _aES-MaACL
_cDEPOZ
_pCinta 1
_9205582
852 _aES-MaACL
_cDEPOZ
_pCinta 2
_9205583
942 _2udc
_n0
_cCINTASAUD
999 _c197304
_d197304